000 00602nam a2200229Ia 4500
003 OSt
005 20220928112052.0
006 a|||||r|||| 00| 0
007 ta
008 220927b |||||||| |||| 00| 0 eng d
024 _a64716
037 _cTextual
040 _aSDCL
_cSDCL
_beng
041 _2eng
_aeng
082 _aX:8C, P8
100 _aBierman Harnold
_9426125
245 0 _aAccounting finance lessons of NRON
260 _aNew Jersey
_bWorld Scientific
_c2008
300 _aix,204p.
_ccm.
942 _hX:8C, P8
_cTEXL
_2CC
999 _c743124
_d743124